<?xml version="1.0" encoding="UTF-8"?><?xml-stylesheet type="text/xsl" href="static/style.xsl"?><OAI-PMH xmlns="http://www.openarchives.org/OAI/2.0/" xmlns:xsi="http://www.w3.org/2001/XMLSchema-instance" xsi:schemaLocation="http://www.openarchives.org/OAI/2.0/ http://www.openarchives.org/OAI/2.0/OAI-PMH.xsd"><responseDate>2026-04-13T04:09:25Z</responseDate><request verb="GetRecord" identifier="oai:www.recercat.cat:2072/392974" metadataPrefix="marc">https://recercat.cat/oai/request</request><GetRecord><record><header><identifier>oai:recercat.cat:2072/392974</identifier><datestamp>2026-03-04T22:33:10Z</datestamp><setSpec>com_2072_98</setSpec><setSpec>col_2072_378192</setSpec></header><metadata><record xmlns="http://www.loc.gov/MARC21/slim" xmlns:dcterms="http://purl.org/dc/terms/" xmlns:xsi="http://www.w3.org/2001/XMLSchema-instance" xmlns:doc="http://www.lyncode.com/xoai" xsi:schemaLocation="http://www.loc.gov/MARC21/slim http://www.loc.gov/standards/marcxml/schema/MARC21slim.xsd">
   <leader>00925njm 22002777a 4500</leader>
   <datafield ind2=" " ind1=" " tag="042">
      <subfield code="a">dc</subfield>
   </datafield>
   <datafield ind2=" " ind1=" " tag="720">
      <subfield code="a">Farías, Ignacio</subfield>
      <subfield code="e">author</subfield>
   </datafield>
   <datafield ind2=" " ind1=" " tag="260">
      <subfield code="c">2011</subfield>
   </datafield>
   <datafield ind2=" " ind1=" " tag="520">
      <subfield code="a">Este artículo presenta nuevas perspectivas de investigación y desafíos analíticos que la teoría del actor-red (TAR) abre para los estudios urbanos. En primer lugar, se revisan cómo los principios de relacionalidad híbrida y asociatividad plana de la TAR están siendo adoptados en los estudios urbanos para ampliar simétricamente la ecología urbana a nohumanos e impugnar concepciones escalares del espacio y economías urbanas. A continuación, se propone que la TAR trae consigo un desafío más fundamental relativo a la concepción de como objeto espacial, entidad político-económica y/o forma sociocultural subraya su carácter singular, estable y delimitado, la TAR permite pensar la ciudad como un objeto múltiple y decentrado. La noción de ensamblajes urbanos se introduce entonces para dar cuenta de la circulación y devenir de la ciudad en múltiples redes híbridas y translocales. El artículo concluye sopesando algunas de las consecuencias de este examen de la ciudad, especialmente el reposicionamiento del problema de la complejidad, urbana en este caso, como punto, si no de partida, entonces al menos de llegada para la TAR.</subfield>
   </datafield>
   <datafield ind2=" " ind1=" " tag="520">
      <subfield code="a">This article presents new research perspectives and analytical challenges that actor-network theory opens for urban studies. First, it reviews how the ANT principles of hybrid relationality and flat associativity are being adopted in urban studies to symmetrically expand the urban ecology to nonhumans and contest scalar conceptions of urban space and economy. Second, it proposes that ANT brings along an even more fundamental challenge related to the understanding of the city as a research object. While common understandings as a spatial object, political economical-entity and/or sociocultural form underlie its singular, stable and bounded character, ANT allows thinking the city as a multiple and decentered object. The notion of urban assemblages is introduced to account for the circulation and becoming of the city in multiple hybrid and translocal networks. Finally, it concludes by discussing some consequences of this examination of the city, especially the reassertion of the problem of complexity, especially urban complexity, if not as a starting point, then at least as a point of arrival for ANT.</subfield>
   </datafield>
   <datafield tag="653" ind2=" " ind1=" ">
      <subfield code="a">Relacionalidad híbrida</subfield>
   </datafield>
   <datafield tag="653" ind2=" " ind1=" ">
      <subfield code="a">Asociatividad plana</subfield>
   </datafield>
   <datafield tag="653" ind2=" " ind1=" ">
      <subfield code="a">Ciudad como objeto</subfield>
   </datafield>
   <datafield tag="653" ind2=" " ind1=" ">
      <subfield code="a">Ensamblajes urbanos</subfield>
   </datafield>
   <datafield tag="653" ind2=" " ind1=" ">
      <subfield code="a">Complejidad</subfield>
   </datafield>
   <datafield tag="653" ind2=" " ind1=" ">
      <subfield code="a">Relacionalitat híbrida</subfield>
   </datafield>
   <datafield tag="653" ind2=" " ind1=" ">
      <subfield code="a">Associativitat plana</subfield>
   </datafield>
   <datafield tag="653" ind2=" " ind1=" ">
      <subfield code="a">Ciutat com a objecte</subfield>
   </datafield>
   <datafield tag="653" ind2=" " ind1=" ">
      <subfield code="a">Acoblaments urbans</subfield>
   </datafield>
   <datafield tag="653" ind2=" " ind1=" ">
      <subfield code="a">Complexitat</subfield>
   </datafield>
   <datafield tag="653" ind2=" " ind1=" ">
      <subfield code="a">Hybrid relationality</subfield>
   </datafield>
   <datafield tag="653" ind2=" " ind1=" ">
      <subfield code="a">Flat associativity</subfield>
   </datafield>
   <datafield tag="653" ind2=" " ind1=" ">
      <subfield code="a">City as object</subfield>
   </datafield>
   <datafield tag="653" ind2=" " ind1=" ">
      <subfield code="a">Urban assemblages</subfield>
   </datafield>
   <datafield tag="653" ind2=" " ind1=" ">
      <subfield code="a">Complexity</subfield>
   </datafield>
   <datafield ind2="0" ind1="0" tag="245">
      <subfield code="a">Ensamblajes urbanos: la TAR y el examen de la ciudad</subfield>
   </datafield>
</record></metadata></record></GetRecord></OAI-PMH>